El Mediterráneo : historia, arqueología, religión, arte /

Compilación que reúne 30 trabajos sobre la antigüedad de la región del Mediterráneo, presentados anteriormente por su autor en diferentes publicaciones y foros académicos durante los años 1993-2004, que atraviesa cuatro ejes temáticos (historia, arqueología, religión y arte) y comprende en su cobert...

Бүрэн тодорхойлолт

-д хадгалсан:
Номзүйн дэлгэрэнгүй
Үндсэн зохиолч: Blázquez, José María (autor)
Формат: Ном
Хэл сонгох:испани
Хэвлэсэн: Madrid, España : Cátedra, 2006, c2006
Цуврал:(Historia Cátedra. Serie Mayor)
Нөхцлүүд:
Шошгууд: Шошго нэмэх
Шошго байхгүй, Энэхүү баримтыг шошголох эхний хүн болох!

MARC

LEADER 00000nam^a2200000^a^4500
001 000189836
005 20250521000000.0
009 20260310102429.163
020 |a 84-376-2289-1 
037 |a Acervo ITESO - Biblioteca 
041 |a ESP 
082 |a 909. 09822  |b BLA 
100 |a Blázquez, José María  |e (autor) 
245 1 3 |a El Mediterráneo :  |b historia, arqueología, religión, arte /  |c J.M. Blázquez. 
264 4 |a Madrid, España :  |b Cátedra,  |c 2006, c2006 
300 |a 445 p. 
336 |a texto  |b txt  |2 rdacontenido 
337 |a sin mediación  |b n  |2 rdamedio 
338 |a volumen  |b nc  |2 rdasoporte 
440 1 |a (Historia Cátedra.  |p Serie Mayor) 
520 |a Compilación que reúne 30 trabajos sobre la antigüedad de la región del Mediterráneo, presentados anteriormente por su autor en diferentes publicaciones y foros académicos durante los años 1993-2004, que atraviesa cuatro ejes temáticos (historia, arqueología, religión y arte) y comprende en su cobertura geográfica a los actuales territorios de Irak, Irán, Palestina e Israel y la vieja Fenicia, en Medio Oriente; Egipto, Marruecos y Túnez, en Africa del Norte y Grecia, Italia y muy especialmente España, en Europa. 
649 |a XX 
650 |a Escritores Españoles 
650 |a Escritores Latinos 
650 |a Filósofos Griegos 
650 |a Gladiadores -  |x Historia 
650 |a Celtas -  |z España -  |x Historia 
650 |a Judíos en España -  |x Historia 
650 |a Mujeres en la Literatura -  |x Historia y Crítica 
650 |a Fenicia -  |x Historia 
650 |a Irán -  |x Historia -  |y Darío III, 336-330 a.C. 
650 |a Irán -  |x Historia -  |y Imperio Persa Aqueménida, 550-330 a.C. 
650 |a Irán -  |x Historia Antigua 
650 |a Irak -  |x Historia -  |y Imperio Babilónico y Asirio 
650 |a Irak -  |x Historia -  |y Mesopotamia, 10000 a.C.-637 d.C 
650 |a Palestina -  |x Historia -  |y Hasta 70 d.C 
650 |a Israel -  |x Historia Antigua 
650 |a Medio Oriente -  |x Historia -  |y Hasta 622 
650 |a Medio Oriente -  |x Historia -  |y Hasta 622 
650 |a Filosofía -  |z Alejandría, Egipto -  |x Estudio y Enseñanza 
650 |a Alejandría, Egipto -  |x Historia -  |y Período Bizantino, 324-642 
650 |a Alejandría, Egipto -  |x Historia -  |y Dominación Grecorromana, 332 a.C.-642 d.C 
650 |a Alejandría, Egipto -  |x Historia Antigua 
650 |a Egipto -  |x Historia -  |y Período Bizantino, 324-642 
650 |a Egipto -  |x Historia -  |y Dominación Grecorromana, 332 a.C.-642 d.C 
650 |a Egipto -  |x Historia Antigua 
650 |a Cartago, Túnez -  |x Historia 
650 |a Túnez -  |x Historia 
650 |a Tánger, Marruecos -  |x Historia 
650 |a Marruecos -  |x Historia 
650 |a Mitología Española 
650 |a Religión -  |z Andalucía, España -  |x Historia -  |y Período Prerromano hasta 218 a.C 
650 |a Religión -  |z España -  |x Historia -  |y Período Prerromano hasta 218 a.C 
650 |a Literatura Española -  |x Historia y Crítica 
650 |a Murallas -  |z Cádiz, España -  |x Historia 
650 |a Arquitectura Romana -  |z Cádiz, España -  |x Historia y Crítica 
650 |a Arquitectura Romana -  |z España -  |x Historia y Crítica 
650 |a Arquitectura Romana -  |x Historia y Crítica 
650 |a Arquitectura Clásica -  |z Cádiz, España -  |x Historia y Crítica 
650 |a Arquitectura Clásica -  |z España -  |x Historia y Crítica 
650 |a Arquitectura Clásica -  |x Historia y Crítica 
650 |a Arte Romano -  |z Cádiz, España -  |x Historia y Crítica 
650 |a Arte Romano -  |z España -  |x Historia y Crítica 
650 |a Arte Romano -  |x Historia y Crítica 
650 |a Arte Clásico -  |z Cádiz, España -  |x Historia y Crítica 
650 |a Arte Clásico -  |z España -  |x Historia y Crítica 
650 |a Arte Clásico -  |x Historia y Crítica 
650 |a Arte Funerario -  |z España -  |x Historia y Crítica 
650 |a Arte Religioso -  |z España -  |x Historia y Crítica 
650 |a Cádiz, España -  |x Historia -  |y Período Prerromano hasta 218 a.C 
650 |a Córdoba, España -  |x Historia -  |y Período Romano, 218 a.C-414 d.C. 
650 |a Estepa, España -  |x Historia -  |y Período Romano, 218 a.C-414 d.C. 
650 |a Sevilla, España -  |x Historia -  |y Período Romano, 218 a.C-414 d.C. 
650 |a Andalucía, España -  |x Historia -  |y Período Prerromano hasta 218 a.C 
650 |a Andalucía, España -  |x Historia -  |y Período Romano, 218 a.C-414 d.C. 
650 |a España -  |x Historia -  |y Período Prerromano hasta 218 a.C. 
650 |a España -  |x Historia -  |y Período Romano, 218 a.C.-414 d.C. 
650 |a Grecia -  |x Historia -  |y Supremacía Macedónica, 362-323 a.C 
650 |a Grecia -  |x Historia -  |y Período Clásico, 479-323 a.C 
650 |a Grecia -  |x Historia Antigua 
650 |a Cristianismo -  |z Roma -  |x Historia -  |y Alto Imperio, 31 a.C.-284 d.C. 
650 |a Religión -  |z Roma -  |x Historia -  |y Alto Imperio, 31 a.C.-284 d.C. 
650 |a Poesía Latina -  |x Historia y Crítica 
650 |a Poesía Clásica -  |x Historia y Crítica 
650 |a Literatura Latina -  |x Historia y Crítica 
650 |a Literatura Clásica -  |x Historia y Crítica 
650 |a Roma -  |x Historia -  |y Rebelión de Espartaco, 73-71 a.C 
650 |a Roma -  |x Historia -  |y República, 509-31 a.C 
650 |a Roma -  |x Historia -  |y Dinastía Julia-Claudia, 31 a.C.-68 d.C. 
650 |a Roma -  |x Historia -  |y Dinastía Antonina, 96-192 
650 |a Roma -  |x Historia -  |y Alto Imperio, 31 a.C.-284 d.C 
650 |a Roma -  |x Historia -  |y Bajo Imperio, 284-476 
650 |a Roma -  |x Historia -  |y Imperio, 31 a.C.-476 d.C 
650 |a Mediterráneo (Región) -  |x Historia -  |y Hasta 476 
650 |a Europa -  |x Historia -  |y Hasta 476 
650 |a Relaciones Interculturales -  |z Grecia-Irán -  |x Historia 
650 |a Colonización 
650 |a Infierno 
650 |a Castigo Futuro 
650 |a Iglesia -  |x Historia -  |y Papa, 384-399 (San Siricio) 
650 |a Biblia -  |x Antiguo Testamento -  |x Historia y Crítica 
650 |a Biblia -  |x Nuevo Testamento -  |x Libros Apócrifos -  |x Apocalipsis de Pedro -  |x Historia y Crítica 
650 |a Biblia - Arqueología 
650 |a Excavaciones (Arqueología) -  |z Roma, Italia 
650 |a Arqueología 
650 |a Historiografía -  |z Mediterráneo (Región) 
650 |a Mediterráneo (Región) -  |x Historia -  |x Tema Principal 
650 |a Historia Antigua 
650 |a Espartaco 
650 |a Hipatia, de Alejandría 
650 |a Marcial 
650 |a Pedro, Santo, Apóstol 
650 |a Sinesio 
600 |a Pablo,  |c Santo 
910 |a Fondo General 
920 |a Impresos - Libros 
930 |a Colección General 
905 |a 101 
901 |a 0500132902  |b IT1  |c ACC  |u 20250521 
902 |a https://opac.biblio.iteso.mx/vufind/Record/000189836